Drought stress tolerance in plants. Vol 1.Physiology and biochemistry (Record no. 75104)

MARC details
000 -LEADER
fixed length control field 00488nam a22001337a 4500
020 ## - INTERNATIONAL STANDARD BOOK NUMBER
ISBN 978-3-319-28897-0
082 ## - DEWEY DECIMAL CLASSIFICATION NUMBER
Classification number 581.522.4
Item number HOS
100 ## - MAIN ENTRY--AUTHOR NAME
Personal name HOSSAIN, Mohammad Anwar etal.
245 ## - TITLE STATEMENT
Title Drought stress tolerance in plants. Vol 1.Physiology and biochemistry
260 ## - PUBLICATION, DISTRIBUTION, ETC. (IMPRINT)
Place of publication Switzerland
Name of publisher Springer International Publishing
Year of publication 2016
300 ## - PHYSICAL DESCRIPTION
Number of Pages 526p.
650 ## - SUBJECT ADDED ENTRY--TOPICAL TERM
Topical Term Drought stress tolerance
-- Hormone regulation
-- Sulfur metabolism
-- Elevated Carbon dioxide
-- Plant-rhizobacteria
942 ## - ADDED ENTRY ELEMENTS (KOHA)
Koha item type Books
Holdings
Withdrawn status Lost status Damaged status Not for loan Home library Current library Date acquired Source of acquisition Accession Number Koha item type
        RRII Library RRII Library 13/10/2023 Capital Books, Delhi, Invoice No 422/23-24 dated 20.09.2023 for Rs 35,435/- 23610 Books